| Tag |
First Indicator |
Second Indicator |
Subfields |
| LEADER |
00000cam a2200000 a 4500 |
| 001 |
in00002004342 |
| 005 |
20151031130633.0 |
| 008 |
030721s2003 at ab b 001 0 eng |
| 020 |
|
|
|a 1844800970
|
| 035 |
|
|
|a (OCoLC)ocm57355677
|
| 040 |
|
|
|a UKM
|c UKM
|d IXA d TXA
|d UtOrBLW
|
| 049 |
|
|
|a TXAM
|
| 082 |
0 |
|
|a 338.4791068
|2 22
|
| 090 |
|
|
|a G155.A1
|b H69 2003
|
| 100 |
1 |
|
|a Howie, Frank.
|
| 245 |
1 |
0 |
|a Managing the tourist destination /
|c Frank Howie.
|
| 264 |
|
1 |
|a Australia ;
|a London :
|b Thomson,
|c 2003.
|
| 300 |
|
|
|a vii, 337 pages :
|b illustrations, maps ;
|c 25 cm.
|
| 336 |
|
|
|a text
|b txt
|2 rdacontent
|
| 337 |
|
|
|a unmediated
|b n
|2 rdamedia
|
| 338 |
|
|
|a volume
|b nc
|2 rdacarrier
|
| 500 |
|
|
|a Originally published: Continuum, 2003.
|
| 504 |
|
|
|a Includes bibliographical references and index.
|
| 650 |
|
0 |
|a Tourism
|x Management.
|
| 650 |
|
0 |
|a Tourism
|x Management
|v Case studies.
|
| 948 |
|
|
|a cataloged
|b h
|c 2005/9/6
|d c
|e dmitchel
|f 1:00:00 pm
|
| 994 |
|
|
|a C0
|b TXA
|
| 999 |
|
|
|a MARS
|
| 999 |
f |
f |
|s e723ed39-11bd-3ac5-88d4-b3b91f36ce55
|i 10278e18-ce57-3dfe-880b-eaf66b882340
|t 0
|
| 952 |
f |
f |
|p ric
|a Texas A&M University
|b Rellis Campus
|c Joint Library Facility
|d Remote Storage
|t 0
|e G155.A1 H69 2003
|h Library of Congress classification
|i unmediated -- volume
|m A14832961352
|
| 998 |
f |
f |
|a G155.A1 H69 2003
|t 0
|l Remote Storage
|